[Event "Torino Province-ch"]
[Site "Torino"]
[Date "2012.03.06"]
[Round "3"]
[White "Benenati, Gianfranco"]
[Black "Riccardi, Mauro"]
[Result "1-0"]
[WhiteElo "1847"]
[BlackElo "1872"]
[PlyCount "65"]
[EventDate "2012.02.21"]
[EventType "swiss"]
[EventRounds "7"]
[EventCountry "ITA"]
[SourceTitle "EXT 2015"]
[Source "ChessBase"]
[SourceDate "2014.11.20"]
[SourceVersion "1"]
[SourceVersionDate "2014.11.20"]
[SourceQuality "1"]

1. e4 c5 2. Nf3 Nc6 3. d4 cxd4 4. Nxd4 Nf6 5. Nc3 e5 6. Ndb5 d6 7. Bg5 a6 8. Na3 b5 9. Nd5 Be7 10. Nxe7 Qxe7 11. c3 Be6 12. Bd3 0-0 13. 0-0 h6 14. Bh4 g5 15. Bg3 d5 16. exd5 Bxd5 17. f3 Rad8 18. Qe2 Nh5 19. Nc2 Nxg3 20. hxg3 f5 21. Ne3 Be6 22. a4 f4 23. gxf4 exf4 24. Nc2 Rxd3 25. Qxd3 Bf5 26. Qd5+ Kh7 27. Qxc6 Rf6 28. Qd5 Bxc2 29. axb5 Rd6 30. Qc5 Bd3 31. Rfe1 Qf6 32. bxa6 Bxa6 33. b4 1-0

[Event "Torino Bombelli Memorial 11th"]
[Site "Torino"]
[Date "2011.09.10"]
[Round "3"]
[White "Riccardi, Mauro"]
[Black "Haddad Filho, Paulo Ibrahim"]
[Result "1-0"]
[WhiteElo "1836"]
[BlackElo "1971"]
[PlyCount "53"]
[EventDate "2011.09.09"]
[EventType "swiss"]
[EventRounds "5"]
[EventCountry "ITA"]
[SourceTitle "EXT 2023"]
[Source "ChessBase"]
[SourceDate "2022.10.05"]
[SourceVersion "1"]
[SourceVersionDate "2022.10.05"]
[SourceQuality "1"]

1. d4 Nf6 2. Bg5 Ne4 3. Bf4 d5 4. e3 e6 5. Bd3 Bd6 6. Ne2 0-0 7. 0-0 f5 8. f3 Nf6 9. Nd2 c5 10. c4 Bxf4 11. exf4 cxd4 12. Nb3 Nc6 13. c5 Qe7 14. Rc1 Nd7 15. Re1 g6 16. Bb5 d3 17. Qxd3 Nf6 18. Bxc6 bxc6 19. Ned4 Nh5 20. g3 Bd7 21. Na5 Ng7 22. Naxc6 Bxc6 23. Nxc6 Qb7 24. Ne5 Qxb2 25. Rb1 Qxa2 26. Ra1 Qb2 27. Reb1 1-0

[Event "Torino 150 Italy Unity op B"]
[Site "Torino"]
[Date "2011.06.02"]
[Round "3"]
[White "Maschietti, Giampaolo"]
[Black "Riccardi, Mauro"]
[Result "0-1"]
[WhiteElo "1422"]
[BlackElo "1833"]
[PlyCount "62"]
[EventDate "2011.05.31"]
[EventType "swiss"]
[EventRounds "9"]
[EventCountry "ITA"]
[SourceTitle "EXT 2024"]
[Source "ChessBase"]
[SourceDate "2023.10.10"]
[SourceVersion "1"]
[SourceVersionDate "2023.10.10"]
[SourceQuality "1"]

1. e4 c5 2. Nf3 Nc6 3. d4 cxd4 4. Nxd4 Nf6 5. Nc3 e5 6. Ndb5 d6 7. Bg5 a6 8. Na3 b5 9. Nd5 Be7 10. Be2 Nxe4 11. Bxe7 Nxe7 12. Bf3 f5 13. Bxe4 fxe4 14. Nxe7 Qxe7 15. c4 0-0 16. Qd5+ Be6 17. Qxe4 bxc4 18. 0-0 Rab8 19. Rab1 Bf5 20. Qd5+ Qe6 21. Qxe6+ Bxe6 22. Rfd1 d5 23. Rd2 Rb7 24. Rbd1 Rfb8 25. b3 cxb3 26. axb3 Rxb3 27. Nc2 Rb1 28. Ne1 e4 29. Rxb1 Rxb1 30. Kf1 Bd7 31. f3 e3 0-1

[Event "Torino Alfieri op-B"]
[Site "Torino"]
[Date "2010.06.02"]
[Round "5"]
[White "Riccardi, Mauro"]
[Black "Biancotti, Alessandro"]
[Result "0-1"]
[WhiteElo "1834"]
[BlackElo "1886"]
[PlyCount "92"]
[EventDate "2010.05.04"]
[EventType "tourn"]
[EventRounds "7"]
[EventCountry "ITA"]
[SourceTitle "EXT 2024"]
[Source "ChessBase"]
[SourceDate "2023.10.10"]
[SourceVersion "1"]
[SourceVersionDate "2023.10.10"]
[SourceQuality "1"]

1. d4 Nf6 2. Bg5 Ne4 3. Bf4 c5 4. f3 Qa5+ 5. c3 Nf6 6. d5 e6 7. e4 Qb6 8. Na3 exd5 9. Nb5 d6 10. exd5 Be7 11. Qe2 0-0 12. 0-0-0 Re8 13. Bg5 Bd7 14. Qd3 a6 15. Na3 Qc7 16. Ne2 b5 17. c4 bxc4 18. Nxc4 Bb5 19. Nc3 Nbd7 20. Qc2 Nb6 21. Nxb6 Qxb6 22. Kb1 Bd7 23. Bd3 h6 24. Bh4 Bb5 25. Rhe1 Qb7 26. Bxb5 axb5 27. Qb3 b4 28. Ne4 Nxe4 29. Bxe7 Rxe7 30. Rxe4 Rae8 31. Rde1 f6 32. Re6 Qd7 33. f4 f5 34. Qc4 Kf7 35. Rxe7+ Rxe7 36. Re2 g5 37. fxg5 hxg5 38. Qd3 Kf6 39. a3 bxa3 40. bxa3 Rxe2 41. Qxe2 Qb7+ 42. Ka2 Qxd5+ 43. Kb2 Qe5+ 44. Qxe5+ Kxe5 45. Kc3 d5 46. a4 Kd6 0-1

[Event "Torino Alfieri op-B"]
[Site "Torino"]
[Date "2010.05.11"]
[Round "2"]
[White "Iacomussi, Mario"]
[Black "Riccardi, Mauro"]
[Result "1/2-1/2"]
[WhiteElo "1776"]
[BlackElo "1834"]
[PlyCount "79"]
[EventDate "2010.05.04"]
[EventType "tourn"]
[EventRounds "7"]
[EventCountry "ITA"]
[SourceTitle "EXT 2024"]
[Source "ChessBase"]
[SourceDate "2023.10.10"]
[SourceVersion "1"]
[SourceVersionDate "2023.10.10"]
[SourceQuality "1"]

1. d4 Nf6 2. c4 g6 3. Nf3 Bg7 4. Nc3 d5 5. cxd5 Nxd5 6. e4 Nxc3 7. bxc3 c5 8. Bb5+ Nc6 9. 0-0 cxd4 10. cxd4 0-0 11. Bxc6 bxc6 12. h3 c5 13. Be3 Bb7 14. Rc1 cxd4 15. Bxd4 Bxe4 16. Ne5 Bd5 17. Qa4 Qd6 18. Rfe1 Rfc8 19. Rxc8+ Rxc8 20. Qxa7 Qb4 21. Rd1 Bxe5 22. Bxe5 Qe4 23. Rxd5 Qxd5 24. Qxe7 Qd8 25. Qxd8+ Rxd8 26. a4 Ra8 27. g3 Rxa4 28. Kg2 f5 29. Bf4 Kg7 30. Kf3 Kf6 31. h4 Ra3+ 32. Ke2 Ke6 33. Be3 Kd5 34. Kf3 Ra4 35. Bf4 Re4 36. Be3 Ke5 37. Bd2 Kd4 38. Ba5 Re8 39. Bb6+ Kd5 40. Be3 1/2-1/2

[Event "Torino Alfieri op 2nd"]
[Site "Torino"]
[Date "2010.04.23"]
[Round "3"]
[White "Riccardi, Mauro"]
[Black "Pettorusso, Aldo"]
[Result "0-1"]
[WhiteElo "1818"]
[BlackElo "1598"]
[PlyCount "71"]
[EventDate "2010.04.21"]
[EventType "swiss"]
[EventRounds "5"]
[EventCountry "ITA"]
[SourceTitle "EXT 2024"]
[Source "ChessBase"]
[SourceDate "2023.10.10"]
[SourceVersion "1"]
[SourceVersionDate "2023.10.10"]
[SourceQuality "1"]

1. d4 Nf6 2. Bg5 h6 3. Bxf6 gxf6 4. e3 d5 5. c4 c6 6. Nc3 Bf5 7. Qb3 Nd7 8. cxd5 cxd5 9. Qxd5 e6 10. Qxb7 Rb8 11. Qxa7 Bb4 12. Qa4 0-0 13. Qd1 Bxc3+ 14. bxc3 Qa5 15. Qd2 Qa3 16. Qc1 Rb2 17. Nf3 Rfb8 18. Nd2 Rb1 19. Rxb1 Rxb1 20. Qxb1 Bxb1 21. Bb5 Qc1+ 22. Ke2 Qxh1 23. Bxd7 Bxa2 24. Bc6 Qc1 25. Kd3 Bb1+ 26. Nxb1 Qxb1+ 27. Kc4 Kf8 28. e4 Qf1+ 29. Kb4 Qxf2 30. d5 Ke7 31. c4 exd5 32. exd5 Kd6 33. h3 Qb2+ 34. Ka5 Kc5 35. Bb5 Qa3+ 36. Ba4 0-1

[Event "Torino Province-ch"]
[Site "Torino"]
[Date "2010.03.23"]
[Round "7"]
[White "Riccardi, Mauro"]
[Black "Longo, Enrico"]
[Result "0-1"]
[WhiteElo "1818"]
[BlackElo "1913"]
[PlyCount "58"]
[EventDate "2010.02.09"]
[EventType "swiss"]
[EventRounds "7"]
[EventCountry "ITA"]
[SourceTitle "EXT 2024"]
[Source "ChessBase"]
[SourceDate "2023.10.10"]
[SourceVersion "1"]
[SourceVersionDate "2023.10.10"]
[SourceQuality "1"]

1. d4 d5 2. c4 e6 3. Nc3 c6 4. Nf3 Nf6 5. e3 Nbd7 6. Qc2 Bd6 7. g4 dxc4 8. g5 Nd5 9. Bxc4 N7b6 10. Bb3 Bd7 11. a3 Rc8 12. e4 Nxc3 13. Qxc3 0-0 14. e5 Be7 15. Qd3 c5 16. Bc2 g6 17. b3 Qc7 18. Bb2 c4 19. bxc4 Nxc4 20. Ra2 Bc6 21. Bc1 Bd5 22. Bb3 Bxf3 23. Qxf3 Nxe5 24. dxe5 Qxc1+ 25. Ke2 Qxg5 26. Qe4 Rfd8 27. Rd1 Qh5+ 28. f3 Qxh2+ 29. Ke3 Rc3+ 0-1

[Event "Torino Province-ch"]
[Site "Torino"]
[Date "2010.03.09"]
[Round "5"]
[White "Ranieri, Fabrizio"]
[Black "Riccardi, Mauro"]
[Result "1-0"]
[WhiteElo "2285"]
[BlackElo "1818"]
[PlyCount "37"]
[EventDate "2010.02.09"]
[EventType "swiss"]
[EventRounds "7"]
[EventCountry "ITA"]
[SourceTitle "EXT 2024"]
[Source "ChessBase"]
[SourceDate "2023.10.10"]
[SourceVersion "1"]
[SourceVersionDate "2023.10.10"]
[SourceQuality "1"]

1. e4 c5 2. Nf3 e6 3. d4 cxd4 4. Nxd4 Nc6 5. Nc3 Qc7 6. Be3 a6 7. Be2 b5 8. Nxc6 dxc6 9. 0-0 Nf6 10. f4 e5 11. Kh1 Bd6 12. Bb6 Qe7 13. Qd3 Bc7 14. Bxc7 Qxc7 15. Rad1 Bb7 16. fxe5 Nd7 17. Rxf7 Nxe5 18. Rxc7 Nxd3 19. Rxd3 1-0

[Event "Turin Piemonte op 9th"]
[Site "Turin"]
[Date "2009.09.19"]
[Round "2"]
[White "Riccardi, Mauro"]
[Black "Femia, Nicola"]
[Result "1/2-1/2"]
[WhiteElo "1620"]
[BlackElo "1840"]
[PlyCount "143"]
[EventDate "2009.09.18"]
[EventType "swiss"]
[EventRounds "5"]
[EventCountry "ITA"]
[SourceTitle "EXT 2012"]
[Source "ChessBase"]
[SourceDate "2011.11.24"]
[SourceVersion "1"]
[SourceVersionDate "2011.11.24"]
[SourceQuality "1"]

1. d4 d5 2. c4 e6 3. Nc3 Nf6 4. cxd5 exd5 5. Bg5 Be7 6. e3 0-0 7. Bd3 Nbd7 8. Nge2 Re8 9. Qc2 Nf8 10. 0-0 c6 11. f3 Nh5 12. Bxe7 Qxe7 13. e4 Be6 14. e5 Qg5 15. f4 Qh6 16. f5 Bd7 17. Rf3 g6 18. Raf1 gxf5 19. Bxf5 Be6 20. Rh3 Qg5 21. Ng3 Ng7 22. Bxh7+ Nxh7 23. Qxh7+ Kf8 24. Rh6 Ke7 25. Rhf6 Rh8 26. Qd3 Qh4 27. h3 Rag8 28. Qf3 Qxd4+ 29. Rf2 Rf8 30. Qf4 Qxf4 31. R6xf4 Nh5 32. Nxh5 Rxh5 33. Ra4 a6 34. Re2 Rg8 35. Kh2 Rgg5 36. Rf4 Rxe5 37. Rxe5 Rxe5 38. g4 b5 39. a4 Kd6 40. h4 Ke7 41. h5 Rg5 42. Kg3 f5 43. h6 fxg4 44. Kh4 Rg8 45. Kh5 Bf7+ 46. Kh4 Rg6 47. Kh5 Rg8+ 48. Kh4 Rh8 49. Rxg4 Rxh6+ 50. Kg3 Rg6 51. Rxg6 Bxg6 52. axb5 axb5 53. b4 d4 54. Nd1 Bc2 55. Nb2 d3 56. Kf2 d2 57. Ke2 d1Q+ 58. Nxd1 Bxd1+ 59. Kxd1 Kd6 60. Kd2 Ke5 61. Ke3 Kd5 62. Kd3 c5 63. bxc5 Kxc5 64. Kc3 b4+ 65. Kb3 Kb5 66. Kb2 Kc4 67. Kc2 b3+ 68. Kb2 Kb4 69. Kb1 Kb5 70. Kc1 Kc4 71. Kb2 Kb4 72. Kb1 1/2-1/2

[Event "Turin Piemonte op 9th"]
[Site "Turin"]
[Date "2009.09.18"]
[Round "1"]
[White "Martin, Tiziano"]
[Black "Riccardi, Mauro"]
[Result "1-0"]
[WhiteElo "1967"]
[BlackElo "1620"]
[PlyCount "63"]
[EventDate "2009.09.18"]
[EventType "swiss"]
[EventRounds "5"]
[EventCountry "ITA"]
[SourceTitle "EXT 2012"]
[Source "ChessBase"]
[SourceDate "2011.11.24"]
[SourceVersion "1"]
[SourceVersionDate "2011.11.24"]
[SourceQuality "1"]

1. d4 Nf6 2. Nf3 g6 3. Bf4 Bg7 4. e3 0-0 5. Be2 d5 6. 0-0 Nbd7 7. h3 c5 8. Nbd2 cxd4 9. exd4 Qb6 10. Rb1 Ne4 11. c3 Ndf6 12. Nxe4 Nxe4 13. Bd3 Be6 14. Re1 Rac8 15. Be5 f6 16. Bh2 Bd7 17. c4 e5 18. cxd5 f5 19. Bxe4 fxe4 20. Nxe5 Bf5 21. g4 e3 22. gxf5 exf2+ 23. Kxf2 Rxf5+ 24. Kg1 Rg5+ 25. Kh1 Qd6 26. Qf3 Rf8 27. Qe4 Qb4 28. d6 Rf2 29. Qd5+ Kh8 30. Nf7+ Rxf7 31. Qxf7 h6 32. Re8+ 1-0